[Event "DM 2026 G7 A"]
[Site "Svendborg"]
[Date "2026.03.31"]
[Round "1.1"]
[White "Dreisler, Morten"]
[Black "Leimand, Jens Christian"]
[Result "0-1"]
[WhiteElo "2011"]
[BlackElo "2129"]
[WhiteFideId "1420593"]
[BlackFideId "1404270"]
[EventDate "2026.03.31"]
[EventType "swiss"]
[EventRounds "7"]
[EventCountry "DEN"]
[SourceTitle "Live v. Kasper Jerwiarz"]

1. Nf3 d5 2. e3 Nf6 3. c4 c6 4. Nc3 e6 5. d4 Nbd7 6. Bd3 dxc4 7. Bxc4 b5 8. Bd3 a6 9. Ne4 Bb7 10. Qc2 Qb6 11. Bd2 c5 12. dxc5 Nxc5 13. Nxf6+ gxf6 14. e4 Rd8 15. Be3 Qa5+ 16. Bd2 b4 17. Be2 Nxe4 18. O-O Nxd2 19. Nxd2 Rg8 20. Bf3 Rxd2 21. Qxd2 Bxf3 22. g3 Qd5 23. Qc2 Bc5 24. Qxh7 Ke7 25. Rad1 Rxg3+ 26. hxg3 Bxd1 27. Qh4 Be2 28. Rc1 Qd4 29. Qxd4 Bxd4 30. Rc7+ Kd6 31. Rc2 Bb5 32. Kg2 e5 33. Kf3 f5 34. b3 Bd3 35. Rd2 e4+ 36. Kf4 Ke6 37. f3 Be5+ 38. Ke3 Bxg3 39. f4 Be1 40. Rh2 Bc3 41. Rh6+ Kd5 42. Rh7 Bb1 43. Rxf7 Bd4+ 44. Kd2 e3+ 45. Ke2 Ke4 46. Re7+ Kxf4 47. a4 bxa3 48. b4 a2 49. b5 a1=Q 50. b6 Qb2+ 51. Kd1 Qd2# 0-1

[Event "DM 2026 G7 A"]
[Site "Svendborg"]
[Date "2026.03.31"]
[Round "1.2"]
[White "Justesen, Asger"]
[Black "Jensen, Morten Frank"]
[Result "1-0"]
[WhiteElo "2086"]
[BlackElo "1995"]
[WhiteFideId "1476173"]
[BlackFideId "1407325"]
[EventDate "2026.03.31"]
[EventType "swiss"]
[EventRounds "7"]
[EventCountry "DEN"]
[SourceTitle "Live v. Kasper Jerwiarz"]

1. d4 d6 2. Nf3 Nf6 3. c4 g6 4. g3 Bg7 5. Bg2 O-O 6. O-O Nbd7 7. Nc3 e5 8. e4 h6 9. h3 a5 10. Be3 b6 11. Qc2 Bb7 12. Rad1 exd4 13. Nxd4 Rb8 14. b3 Qe7 15. Rfe1 Rfe8 16. Ndb5 Nc5 17. a3 Ncxe4 18. Bc1 Qe5 19. Bf4 Qe7 20. f3 g5 21. Bc1 Qe5 22. fxe4 Qxg3 23. Qf2 Nh5 24. Qxg3 Nxg3 25. Rd3 Nf5 26. Nxc7 Re5 27. N3d5 Nh4 28. Bd2 Nxg2 29. Kxg2 f5 30. exf5 Rxf5 31. Rf3 Rxf3 32. Kxf3 Rf8+ 33. Kg2 Bd4 34. Be3 Bxe3 35. Rxe3 a4 36. b4 Rf4 37. Re8+ Kf7 38. Re7+ Kg6 39. Nb5 Bxd5+ 40. cxd5 g4 41. Kg3 Rf3+ 42. Kxg4 Rd3 43. Re6+ Kg7 44. Rxd6 h5+ 45. Kxh5 Rxh3+ 46. Kg4 1-0

[Event "DM 2026 G7 A"]
[Site "Svendborg"]
[Date "2026.03.31"]
[Round "1.3"]
[White "Eriksen, Oscar Weiss"]
[Black "Bratholm, Palle"]
[Result "1-0"]
[WhiteElo "1973"]
[BlackElo "2061"]
[WhiteFideId "1474804"]
[BlackFideId "1404083"]
[EventDate "2026.03.31"]
[EventType "swiss"]
[EventRounds "7"]
[EventCountry "DEN"]
[SourceTitle "Live v. Kasper Jerwiarz"]

1. e4 e6 2. d4 d5 3. Nd2 c5 4. exd5 exd5 5. Ngf3 Nc6 6. Be2 Nf6 7. O-O cxd4 8. Nb3 Bd6 9. Nbxd4 O-O 10. c3 Bg4 11. Bg5 Rb8 12. Re1 h6 13. Bh4 Be7 14. Qa4 Bd7 15. Rad1 Ne5 16. Qb3 Qa5 17. Nxe5 Ba4 18. Nf5 Bxb3 19. Nxe7+ Kh8 20. axb3 Qc7 21. Bf3 Rbd8 22. Bg3 Qb6 23. b4 a5 24. Rd4 a4 25. Red1 g6 26. N7xg6+ fxg6 27. Nxg6+ Kg7 28. Nxf8 Kxf8 29. h3 Ra8 30. Rf4 Kg7 31. Rf5 Qe6 32. Re5 Qc6 33. Re7+ Kf8 34. Rc7 Qe6 35. Bf4 Ne4 36. Bxe4 Qxe4 37. Bxh6+ Kg8 38. Be3 a3 39. bxa3 Rxa3 40. Bd4 b5 41. Rg7+ Kf8 42. Rg3 Ra2 43. Bc5+ Kf7 44. Re3 Qc2 45. Rf3+ Kg6 46. Rxd5 Qe4 47. Rd6+ Kg7 48. Bd4+ Kg8 49. Rd8+ Kh7 50. Rd7+ Kg6 51. Rf6+ Kg5 52. Rg7+ Kh5 53. g4+ Kh4 54. Rh6# 1-0

[Event "DM 2026 G7 A"]
[Site "Svendborg"]
[Date "2026.03.31"]
[Round "1.4"]
[White "Andersen, Rune"]
[Black "Rasmussen, Victoria"]
[Result "1-0"]
[WhiteElo "2051"]
[BlackElo "1811"]
[WhiteFideId "1405683"]
[BlackFideId "1487531"]
[EventDate "2026.03.31"]
[EventType "swiss"]
[EventRounds "7"]
[EventCountry "DEN"]
[SourceTitle "Live v. Kasper Jerwiarz"]

1. d4 c5 2. d5 Nf6 3. c4 b5 4. cxb5 a6 5. bxa6 g6 6. Nc3 Bg7 7. Nf3 d6 8. e4 O-O 9. Be2 Bxa6 10. O-O Bxe2 11. Qxe2 Nbd7 12. Rd1 Re8 13. h3 h6 14. Bf4 e6 15. dxe6 Rxe6 16. Rxd6 Qe8 17. Rad1 Rxd6 18. Bxd6 Qe6 19. Bh2 Nh5 20. Rd6 Qe7 21. e5 Re8 22. e6 Nf8 23. Nd5 Qb7 24. e7 Ne6 25. g4 Nf6 26. Nf4 Nxf4 27. Bxf4 Rxe7 28. Rd8+ Kh7 29. Qd1 Qxb2 30. Rd2 Qb4 31. Bd6 Re6 32. Be5 Ne4 33. Rb2 Qa3 34. Bxg7 Kxg7 35. Rc2 Nc3 36. Qa1 1-0

[Event "DM 2026 G7 A"]
[Site "Svendborg"]
[Date "2026.03.31"]
[Round "1.5"]
[White "Bjerg, Ludvig"]
[Black "Ramsdal, Lasse Andreas"]
[Result "0-1"]
[WhiteElo "1958"]
[BlackElo "1946"]
[WhiteFideId "1477676"]
[BlackFideId "1440675"]
[EventDate "2026.03.31"]
[EventType "swiss"]
[EventRounds "7"]
[EventCountry "DEN"]
[SourceTitle "Live v. Kasper Jerwiarz"]

1. e4 c5 2. Nf3 g6 3. d4 cxd4 4. Nxd4 Nc6 5. c4 Nf6 6. Nc3 d6 7. Be3 Ng4 8. Nxc6 bxc6 9. Bf4 Qb6 10. Qd2 e5 11. Bg3 Bh6 12. Qc2 Rb8 13. b3 f5 14. h3 Nf6 15. Bd3 f4 16. Bh2 a5 17. f3 Bg5 18. Bg1 Bh4+ 19. Bf2 Qe3+ 20. Kf1 Bxf2 21. Qxf2 Qxd3+ 22. Ne2 Nh5 23. Ke1 Qe3 24. Qxe3 fxe3 25. Rc1 Nf4 26. Kf1 a4 27. Rc3 axb3 28. axb3 Ra8 29. Nc1 Ra1 30. h4 Ke7 31. g3 Nd3 32. Ke2 Rxc1 33. Rhxc1 Nxc1+ 34. Rxc1 Bd7 35. Ra1 Rb8 36. Ra3 h6 37. Kxe3 g5 38. hxg5 hxg5 39. g4 Ke6 40. Kd3 Ke7 41. Ke3 Kd8 42. Kd3 Kc8 43. Kc3 Kb7 44. Ra1 Rf8 0-1

[Event "DM 2026 G7 A"]
[Site "Svendborg"]
[Date "2026.03.31"]
[Round "1.7"]
[White "Hollesen, Kurt"]
[Black "Sonne, Lasse"]
[Result "1/2-1/2"]
[WhiteElo "1977"]
[BlackElo "1979"]
[WhiteFideId "1406817"]
[BlackFideId "1477161"]
[EventDate "2026.03.31"]
[EventType "swiss"]
[EventRounds "7"]
[EventCountry "DEN"]
[SourceTitle "Live v. Kasper Jerwiarz"]

1. e4 e5 2. c4 Nf6 3. Nc3 Bc5 4. g3 c6 5. Bg2 O-O 6. h3 d5 7. cxd5 cxd5 8. exd5 e4 9. d4 exd3 10. Qxd3 Qb6 11. Qf3 Nbd7 12. Bf4 h6 13. g4 Re8+ 14. Nge2 Ne5 15. Bxe5 Rxe5 16. O-O h5 17. Na4 hxg4 18. Qg3 Qb5 19. Qxe5 Qxa4 20. Nc3 Qb4 21. h4 g3 22. Qxg3 Qxb2 23. Ne4 Bb6 24. Nxf6+ Qxf6 25. Rad1 Bd7 26. Qg5 Qd6 27. Rfe1 Bc7 28. Qe7 Qh2+ 29. Kf1 Bb5+ 30. Re2 Re8 31. Qxe8+ Bxe8 32. Rxe8+ Kh7 33. Re7 Qf4 34. Re4 Qd6 35. Re2 1/2-1/2

[Event "DM 2026 G7 A"]
[Site "Svendborg"]
[Date "2026.03.31"]
[Round "1.8"]
[White "Jensen, Soren"]
[Black "Poulsen, Peter Risgaard"]
[Result "1-0"]
[WhiteElo "1992"]
[BlackElo "1898"]
[WhiteFideId "1421204"]
[BlackFideId "1407333"]
[EventDate "2026.03.31"]
[EventType "swiss"]
[EventRounds "7"]
[EventCountry "DEN"]
[SourceTitle "Live v. Kasper Jerwiarz"]

1. e4 e6 2. Nf3 d5 3. e5 Ne7 4. d4 Bd7 5. Bg5 h6 6. Bd2 a6 7. a4 Nf5 8. Bd3 Nh4 9. Nxh4 Qxh4 10. c3 c5 11. Be3 Nc6 12. Be2 cxd4 13. cxd4 Rc8 14. O-O Nb4 15. Na3 Qe4 16. Rc1 Rxc1 17. Qxc1 Bc6 18. Qc3 Be7 19. b3 O-O 20. Qd2 Qg6 21. f4 f5 22. Nb1 Qf7 23. Nc3 Kh7 24. Nd1 b5 25. axb5 Bxb5 26. Bxb5 axb5 27. Qe2 Rb8 28. Nf2 Qe8 29. Rc1 Ra8 30. Qb2 Qh5 31. h3 Ra2 32. Qc3 Qe2 33. Re1 Qc2 34. Qxc2 Rxc2 35. Rb1 Bh4 36. Nd1 Re2 37. g4 Nc2 38. Bf2 Bxf2+ 39. Nxf2 Nxd4 40. gxf5 Nxf5 41. Nd3 Nd4 42. Nc5 Nf3+ 43. Kf1 Rh2 44. Rd1 Rh1+ 45. Ke2 Rxd1 46. Kxd1 Nd4 47. Kd2 Kg6 48. Kd3 Nc6 49. Nxe6 Ne7 50. Kd4 Kf5 51. Nxg7+ Kxf4 52. Ne6+ Kg3 53. Nc7 Kxh3 54. Nxd5 Nc6+ 55. Ke4 h5 56. e6 Kg4 57. Nf6+ Kg5 58. Nxh5 Kxh5 59. Kd5 Ne7+ 60. Kd6 Nf5+ 61. Kd7 Kg6 62. e7 Nxe7 63. Kxe7 Kg7 64. Kd6 Kf7 65. Kc5 b4 66. Kxb4 Ke7 67. Kb5 Kd7 68. Kb6 Kc8 69. b4 Kb8 70. b5 Ka8 1-0

[Event "DM 2026 G7 A"]
[Site "Svendborg"]
[Date "2026.03.31"]
[Round "1.9"]
[White "Juulsen, Elias Tipsmark"]
[Black "Jepsen, Thomas Tange"]
[Result "0-1"]
[WhiteElo "1933"]
[BlackElo "2008"]
[WhiteFideId "1476831"]
[BlackFideId "1405357"]
[EventDate "2026.03.31"]
[EventType "swiss"]
[EventRounds "7"]
[EventCountry "DEN"]
[SourceTitle "Live v. Kasper Jerwiarz"]

1. e4 c6 2. d4 d5 3. Nd2 dxe4 4. Nxe4 Nf6 5. Nxf6+ exf6 6. Nf3 Bd6 7. Bd3 O-O 8. O-O Bg4 9. c3 Re8 10. Be3 Nd7 11. h3 Bh5 12. Re1 Nf8 13. Be2 Qd7 14. Qd2 Bg6 15. Bf4 Ne6 16. Bxd6 Qxd6 17. Bc4 Nf4 18. Nh4 Rad8 19. Nxg6 hxg6 20. Qc2 b5 21. Be2 g5 22. Bf3 g6 23. Rad1 c5 24. Rxe8+ Rxe8 25. dxc5 Qxc5 26. Qd2 Qf5 27. Qd7 Re1+ 28. Kh2 Qxd7 29. Rxd7 Rb1 30. Rd2 f5 31. Bc6 a6 32. Bb7 a5 33. Ba6 b4 34. Rc2 bxc3 35. bxc3 Ne6 36. c4 Nc5 37. Bb5 Kg7 38. Rd2 Ne4 39. Rc2 Nc5 40. f3 Kf6 41. Rd2 Rc1 42. Rd6+ Ne6 43. Ra6 Rc2 44. Rxa5 Nf4 45. Ra6+ Ke5 46. a4 Nxg2 47. Ra7 Nh4+ 48. Kg1 Nxf3+ 49. Kf1 Kf4 50. a5 Kg3 51. c5 Rf2# 0-1

[Event "DM 2026 G7 A"]
[Site "Svendborg"]
[Date "2026.03.31"]
[Round "1.10"]
[White "Balton, Tim"]
[Black "Leimand, Peter Martin"]
[Result "1-0"]
[WhiteElo "2039"]
[BlackElo "1987"]
[WhiteFideId "1478060"]
[BlackFideId "1407899"]
[EventDate "2026.03.31"]
[EventType "swiss"]
[EventRounds "7"]
[EventCountry "DEN"]
[SourceTitle "Live v. Kasper Jerwiarz"]

1. d4 d5 2. e3 c6 3. Bd3 Nf6 4. Nd2 Nbd7 5. f4 h5 6. Ngf3 b6 7. O-O Bb7 8. Ne5 Qc7 9. Ndf3 Ne4 10. Bxe4 dxe4 11. Ng5 f6 12. Nxd7 Qxd7 13. Nxe4 O-O-O 14. c3 c5 15. Nd2 cxd4 16. exd4 e5 17. fxe5 fxe5 18. Nf3 Qd5 19. Qb3 Qxb3 20. axb3 Bxf3 21. Rxf3 a5 22. Bg5 Rd5 23. Raf1 Bd6 24. dxe5 Rxe5 25. Be3 Rb5 26. Rd1 Bb8 27. b4 axb4 28. c4 Re5 29. Bxb6 Re2 30. b3 Be5 31. c5 Re8 32. Rf7 Bc3 33. c6 Rb2 34. Ra7 Be5 35. Ra8+ Bb8 36. c7 Kb7 37. Rxb8+ Rxb8 38. cxb8=Q+ Kxb8 39. Rd3 1-0

[Event "DM 2026 G7 A"]
[Site "Svendborg"]
[Date "2026.04.01"]
[Round "2.1"]
[White "Leimand, Jens Christian"]
[Black "Jensen, Soren"]
[Result "1-0"]
[WhiteElo "2129"]
[BlackElo "1992"]
[WhiteFideId "1404270"]
[BlackFideId "1421204"]
[EventDate "2026.03.31"]
[EventType "swiss"]
[EventRounds "7"]
[EventCountry "DEN"]
[SourceTitle "Live v. Kasper Jerwiarz"]

1. d4 Nf6 2. c4 e5 3. dxe5 Ng4 4. Bf4 Nc6 5. Nf3 Bb4+ 6. Nbd2 Qe7 7. e3 Ngxe5 8. Nxe5 Nxe5 9. Be2 Qe6 10. O-O Be7 11. Qc2 d6 12. Nb3 b6 13. Nd4 Qg6 14. Qxg6 Nxg6 15. Bf3 Rb8 16. Nc6 Rb7 17. Nxe7 Nxe7 18. Bxb7 Bxb7 19. f3 h5 20. e4 f6 21. h4 Rg8 22. Kf2 g5 23. hxg5 fxg5 24. Be3 Nc6 25. b3 Ne5 26. Rad1 g4 27. Bd4 Ng6 28. Rh1 gxf3 29. gxf3 h4 30. Rdg1 Kf7 31. Rg5 Bc8 32. Rhg1 h3 33. Rh5 Nf8 34. Rxg8 Kxg8 35. f4 Kf7 36. f5 Bb7 37. Ke3 c5 38. Bc3 a5 39. Rxh3 Bc6 40. Rh6 Ke7 41. e5 1-0

[Event "DM 2026 G7 A"]
[Site "Svendborg"]
[Date "2026.04.01"]
[Round "2.2"]
[White "Jepsen, Thomas Tange"]
[Black "Justesen, Asger"]
[Result "0-1"]
[WhiteElo "2008"]
[BlackElo "2086"]
[WhiteFideId "1405357"]
[BlackFideId "1476173"]
[EventDate "2026.03.31"]
[EventType "swiss"]
[EventRounds "7"]
[EventCountry "DEN"]
[SourceTitle "Live v. Kasper Jerwiarz"]

1. d4 Nf6 2. c4 e6 3. Nc3 Bb4 4. e3 O-O 5. Ne2 d5 6. a3 Be7 7. Nf4 c6 8. Bd3 Nbd7 9. cxd5 exd5 10. O-O Re8 11. b4 a6 12. Qc2 Bd6 13. Nce2 Nf8 14. Ng3 g6 15. Bd2 h5 16. Rfe1 h4 17. Nf1 g5 18. Ne2 N8h7 19. f3 g4 20. e4 gxf3 21. gxf3 dxe4 22. fxe4 Kh8 23. e5 Rg8+ 24. Nfg3 hxg3 25. hxg3 Bc7 26. exf6 Bxg3 27. Nxg3 Rxg3+ 28. Kf2 Rh3 29. Bxh7 Qxd4+ 30. Re3 Qxf6+ 31. Ke2 Bg4+ 32. Kd3 Rd8+ 33. Kc4 Qd4+ 34. Kb3 Rxe3+ 35. Bxe3 Be6+ 36. Ka4 b5+ 37. Ka5 Qxa1 38. Qe4 Qxa3+ 39. Kb6 Qc3 40. Bf4 Rd5 41. Be3 Qg7 0-1

[Event "DM 2026 G7 A"]
[Site "Svendborg"]
[Date "2026.04.01"]
[Round "2.3"]
[White "Balton, Tim"]
[Black "Andersen, Rune"]
[Result "1/2-1/2"]
[WhiteElo "2039"]
[BlackElo "2051"]
[WhiteFideId "1478060"]
[BlackFideId "1405683"]
[EventDate "2026.03.31"]
[EventType "swiss"]
[EventRounds "7"]
[EventCountry "DEN"]
[SourceTitle "Live v. Kasper Jerwiarz"]

1. d4 d5 2. e3 Nf6 3. Bd3 c5 4. c3 Nbd7 5. f4 g6 6. Nd2 Bg7 7. Ngf3 Ng4 8. Qe2 f5 9. O-O O-O 10. Ng5 Qb6 11. a4 a5 12. Rb1 h6 13. Ngf3 Qe6 14. Nc4 Kh8 15. Nce5 Ngxe5 16. Nxe5 Nxe5 17. fxe5 Bd7 18. b3 Bc6 19. Bd2 Qd7 20. g4 e6 21. h4 Qe7 22. Be1 Rg8 23. Kh2 Raf8 24. Bg3 b6 25. Rg1 Be8 26. Rbf1 fxg4 27. Qxg4 Rxf1 28. Rxf1 h5 29. Qg5 Qxg5 30. hxg5 Rf8 31. Rxf8+ Bxf8 32. Kh3 Kg7 33. Be1 Bc6 34. Kg3 Be7 35. Kf4 1/2-1/2

[Event "DM 2026 G7 A"]
[Site "Svendborg"]
[Date "2026.04.01"]
[Round "2.4"]
[White "Ramsdal, Lasse Andreas"]
[Black "Eriksen, Oscar Weiss"]
[Result "0-1"]
[WhiteElo "1946"]
[BlackElo "1973"]
[WhiteFideId "1440675"]
[BlackFideId "1474804"]
[EventDate "2026.03.31"]
[EventType "swiss"]
[EventRounds "7"]
[EventCountry "DEN"]
[SourceTitle "Live v. Kasper Jerwiarz"]

1. d4 Nf6 2. Nf3 d5 3. g3 Bf5 4. Bg2 e6 5. Nh4 Be4 6. f3 Bg6 7. Nxg6 hxg6 8. e4 c5 9. c3 Nc6 10. e5 Nd7 11. Be3 Qb6 12. Qd2 Be7 13. O-O Rc8 14. Rc1 O-O 15. f4 Rc7 16. Na3 cxd4 17. cxd4 Rfc8 18. Bf1 a6 19. Rab1 Qb4 20. Qf2 Qa4 21. Rc2 Nb4 22. Rxc7 Rxc7 23. Ra1 Nb6 24. g4 Qd7 25. Kh1 Nc6 26. Nc2 Qc8 27. Ne1 Nb4 28. b3 Nc2 29. Nxc2 Rxc2 30. Qe1 Qc3 31. Qxc3 Rxc3 32. Bd2 Rc2 33. Ba5 Nd7 34. Kg1 Bh4 35. Bd3 Bf2+ 36. Kh1 Bxd4 37. Bxc2 Bxa1 38. Kg2 g5 39. Kf3 gxf4 40. Bc7 g5 41. h4 Bxe5 42. Bd8 gxh4 43. Bxh4 Bd6 44. Bg5 e5 45. Bf5 Nc5 46. Bc8 e4+ 47. Ke2 d4 48. b4 d3+ 49. Kd1 Ne6 50. Bh4 e3 51. Bxb7 Bxb4 52. Be1 e2+ 0-1

[Event "DM 2026 G7 A"]
[Site "Svendborg"]
[Date "2026.04.01"]
[Round "2.5"]
[White "Sonne, Lasse"]
[Black "Ramsdal, Mikkel"]
[Result "0-1"]
[WhiteElo "1979"]
[BlackElo "1995"]
[WhiteFideId "1477161"]
[BlackFideId "1438484"]
[EventDate "2026.03.31"]
[EventType "swiss"]
[EventRounds "7"]
[EventCountry "DEN"]
[SourceTitle "Live v. Kasper Jerwiarz"]

1. e4 c5 2. d4 cxd4 3. c3 Nf6 4. e5 Nd5 5. Nf3 d6 6. Qxd4 e6 7. Nbd2 Nc6 8. Bb5 Bd7 9. Bxc6 Bxc6 10. Nc4 dxe5 11. Ncxe5 Qb6 12. O-O Qxd4 13. Nxd4 Rc8 14. Ndxc6 bxc6 15. c4 Nb4 16. Rd1 f6 17. Nf3 c5 18. a3 Nc2 19. Ra2 e5 20. b4 Nd4 21. b5 Rd8 22. Kf1 Bd6 23. a4 Kd7 24. Be3 Kc7 25. a5 Rb8 26. Nd2 f5 27. f3 Rhd8 28. Nb1 Kb7 29. Nc3 h6 30. Nd5 a6 31. Rb1 Ka7 32. Rab2 axb5 33. cxb5 c4 34. b6+ Kb7 35. Nc3 Ra8 36. Ra2 Nb3 37. Nb5 f4 38. Bf2 Bb4 39. Be1 Bxe1 40. Rxe1 Rxa5 41. Rxa5 Nxa5 42. Rxe5 Kxb6 43. Nc3 Nb3 44. Nd5+ Kc5 45. Nxf4+ Kb4 46. Re7 c3 47. Ne2 c2 48. Rxg7 Rd1+ 49. Kf2 Rd2 0-1

[Event "DM 2026 G7 A"]
[Site "Svendborg"]
[Date "2026.04.01"]
[Round "2.6"]
[White "Paludan, Noah"]
[Black "Hollesen, Kurt"]
[Result "0-1"]
[WhiteElo "1987"]
[BlackElo "1977"]
[WhiteFideId "1474987"]
[BlackFideId "1406817"]
[EventDate "2026.03.31"]
[EventType "swiss"]
[EventRounds "7"]
[EventCountry "DEN"]
[SourceTitle "Live v. Kasper Jerwiarz"]

1. e4 d6 2. d4 Nc6 3. Nf3 Bg4 4. Be2 Bxf3 5. Bxf3 e5 6. c3 Nf6 7. Be3 Be7 8. d5 Nb8 9. Nd2 Nbd7 10. b4 O-O 11. O-O Ne8 12. Nb3 b6 13. c4 Bg5 14. Qd2 Bxe3 15. Qxe3 g6 16. Be2 Ng7 17. Rfc1 f5 18. f3 Nh5 19. c5 Nf4 20. g3 Nxe2+ 21. Qxe2 fxe4 22. fxe4 Rc8 23. cxd6 cxd6 24. Rxc8 Qxc8 25. Rc1 Qd8 26. Nd2 Nb8 27. Qg4 b5 28. Nb3 Qb6+ 29. Kg2 Na6 30. Rc6 Qf2+ 31. Kh3 Qf1+ 32. Kh4 Qf6+ 33. Qg5 Nxb4 34. Qxf6 Rxf6 35. Rc7 Rf7 36. Rc8+ Rf8 37. Rc7 Nxa2 38. Rxa7 Nc3 39. Nd2 Rf2 40. Rc7 b4 41. Nb3 Nxe4 42. Na5 Rxh2+ 43. Kg4 Nf6+ 44. Kg5 Nxd5 45. Rd7 Rh5+ 0-1

[Event "DM 2026 G7 A"]
[Site "Svendborg"]
[Date "2026.04.01"]
[Round "2.7"]
[White "Bratholm, Palle"]
[Black "Bjerg, Ludvig"]
[Result "0-1"]
[WhiteElo "2061"]
[BlackElo "1958"]
[WhiteFideId "1404083"]
[BlackFideId "1477676"]
[EventDate "2026.03.31"]
[EventType "swiss"]
[EventRounds "7"]
[EventCountry "DEN"]
[SourceTitle "Live v. Kasper Jerwiarz"]

1. d4 d5 2. Bf4 Nf6 3. e3 e6 4. Nd2 Bd6 5. Bg3 O-O 6. Bd3 b6 7. Qe2 c5 8. c3 Bb7 9. Ngf3 Ne4 10. Rd1 Qc7 11. O-O Nd7 12. Bxd6 Qxd6 13. Rfe1 f5 14. Nf1 Rad8 15. N3d2 Qe7 16. f3 Nxd2 17. Nxd2 e5 18. e4 exd4 19. cxd4 cxd4 20. exf5 Qxe2 21. Rxe2 Nc5 22. Bb1 Rfe8 23. Rde1 Rxe2 24. Rxe2 Kf7 25. Nb3 Ba6 26. Rd2 Nxb3 27. axb3 Rc8 28. Rd1 Be2 29. Rd2 Ba6 30. Kf2 Kf6 31. g4 Ke5 32. Kg3 Rc1 33. f4+ Kd6 34. Bd3 Bxd3 35. Rxd3 Rg1+ 36. Kh4 h6 37. Kh5 Rf1 38. Rxd4 Kc5 39. Rd3 Rxf4 40. h3 Re4 41. Kg6 Re7 42. h4 d4 43. g5 hxg5 44. hxg5 Kd5 45. f6 gxf6 46. gxf6 Rc7 47. Kf5 Rc8 48. Rd1 b5 49. b4 Rc2 50. Rf1 d3 51. f7 Rc8 52. Kf4 Kd4 53. Rf2 Rf8 54. Kg3 Ke3 55. Rf6 d2 56. Re6+ Kd3 57. Rd6+ Kc2 58. Rc6+ Kxb2 59. Rd6 Kc3 60. Rd7 Rxf7 0-1

[Event "DM 2026 G7 A"]
[Site "Svendborg"]
[Date "2026.04.01"]
[Round "2.8"]
[White "Poulsen, Peter Risgaard"]
[Black "Dreisler, Morten"]
[Result "1-0"]
[WhiteElo "1898"]
[BlackElo "2011"]
[WhiteFideId "1407333"]
[BlackFideId "1420593"]
[EventDate "2026.03.31"]
[EventType "swiss"]
[EventRounds "7"]
[EventCountry "DEN"]
[SourceTitle "Live v. Kasper Jerwiarz"]

1. c4 Nf6 2. Nc3 e6 3. e4 d5 4. cxd5 exd5 5. e5 d4 6. exf6 dxc3 7. Bb5+ c6 8. Qe2+ Be6 9. Bc4 cxd2+ 10. Bxd2 Qxf6 11. Nf3 Be7 12. O-O Bxc4 13. Qxc4 O-O 14. Rfe1 Bd6 15. Bc3 Qh6 16. Re4 b5 17. Qe2 Na6 18. Rg4 Rfe8 19. Qc2 f6 20. h3 Be5 21. Bd2 Qh5 22. Qxc6 Nc7 23. Nxe5 Qxe5 24. Re1 Qd5 25. Qxc7 g5 26. Rxe8+ Rxe8 27. Bc3 Re6 28. Rd4 Rc6 29. Qb8+ 1-0

[Event "DM 2026 G7 A"]
[Site "Svendborg"]
[Date "2026.04.01"]
[Round "2.9"]
[White "Jensen, Morten Frank"]
[Black "Juulsen, Elias Tipsmark"]
[Result "1-0"]
[WhiteElo "1995"]
[BlackElo "1933"]
[WhiteFideId "1407325"]
[BlackFideId "1476831"]
[EventDate "2026.03.31"]
[EventType "swiss"]
[EventRounds "7"]
[EventCountry "DEN"]
[SourceTitle "Live v. Kasper Jerwiarz"]

1. d4 d5 2. Nc3 Nf6 3. Bf4 Bf5 4. f3 e6 5. g4 Bg6 6. h4 h6 7. e3 Bb4 8. Bd3 Bxd3 9. Qxd3 a6 10. Ne2 Bd6 11. O-O-O Nc6 12. e4 dxe4 13. fxe4 e5 14. Qf3 Qe7 15. Nd5 Qe6 16. Nxf6+ Qxf6 17. g5 Qe7 18. d5 Na7 19. Be3 Bc5 20. Ng3 g6 21. gxh6 Bxe3+ 22. Qxe3 Nb5 23. Qg5 Nd6 24. Rhf1 Nc4 25. Rf3 Rh7 26. Rdf1 c6 27. Qxe7+ Kxe7 28. h5 Nd6 29. hxg6 fxg6 30. Rf6 Rxh6 31. Re6+ Kd7 32. Rff6 Nc4 33. Rf7+ Kd8 34. Rf8+ Kd7 35. Rxa8 Rh3 36. b3 Nb6 37. Rae8 Rxg3 38. R8e7+ Kc8 39. dxc6 bxc6 40. Rxc6+ Kd8 41. Ree6 Nc8 42. Rxe5 g5 43. Rxa6 g4 44. Rg6 Ne7 45. Rg7 1-0

[Event "DM 2026 G7 A"]
[Site "Svendborg"]
[Date "2026.04.01"]
[Round "2.10"]
[White "Rasmussen, Victoria"]
[Black "Leimand, Peter Martin"]
[Result "0-1"]
[WhiteElo "1811"]
[BlackElo "1987"]
[WhiteFideId "1487531"]
[BlackFideId "1407899"]
[EventDate "2026.03.31"]
[EventType "swiss"]
[EventRounds "7"]
[EventCountry "DEN"]
[SourceTitle "Live v. Kasper Jerwiarz"]

1. e4 e6 2. d4 d5 3. Nd2 Nf6 4. e5 Nfd7 5. c3 c5 6. f4 cxd4 7. cxd4 Nc6 8. Ndf3 Qb6 9. a3 f5 10. h4 a5 11. b3 Be7 12. Ne2 Ndb8 13. Bb2 Bd7 14. Ng3 Na6 15. Ng5 Bxg5 16. hxg5 O-O-O 17. Ne2 g6 18. Rc1 Kb8 19. Rh3 Na7 20. Nc3 Rc8 21. Bxa6 Qxa6 22. Na4 Rxc1 23. Qxc1 Bxa4 24. bxa4 Rc8 25. Qd2 Rc7 26. Rc3 Rxc3 27. Qxc3 Nc6 28. Qh3 Qb6 29. Qc3 Qc7 30. g3 b6 31. Ke2 Kb7 32. Qb3 Na7 33. Bc3 Ka6 34. Kd3 Qc6 35. Kd2 b5 36. axb5+ Qxb5 37. Qxb5+ Kxb5 38. Kc2 Ka4 39. Kb2 Nb5 40. Bd2 Nxd4 0-1

[Event "DM 2026 G7 A"]
[Site "Svendborg"]
[Date "2026.04.02"]
[Round "3.1"]
[White "Justesen, Asger"]
[Black "Leimand, Jens Christian"]
[Result "1/2-1/2"]
[WhiteElo "2086"]
[BlackElo "2129"]
[WhiteFideId "1476173"]
[BlackFideId "1404270"]
[EventDate "2026.03.31"]
[EventType "swiss"]
[EventRounds "7"]
[EventCountry "DEN"]
[SourceTitle "Live v. Kasper Jerwiarz"]

1. d4 d5 2. c4 c6 3. cxd5 cxd5 4. Bf4 Nc6 5. e3 Nf6 6. Nc3 a6 7. Bd3 Bg4 8. Nge2 e6 9. O-O Bd6 10. Bg5 Be7 11. Rc1 Bh5 12. Na4 Nd7 13. Bxe7 Qxe7 14. a3 Bg6 15. Nf4 Bxd3 16. Nxd3 O-O 17. Qe2 Rac8 18. b4 b5 19. Nac5 Ncb8 20. Ra1 Nb6 21. Ra2 Rc7 22. Rfa1 Rfc8 23. Nb2 e5 24. dxe5 Qxe5 25. Nbd3 Qf6 26. Qb2 Qxb2 27. Rxb2 Nc4 28. Rbb1 a5 29. Nf4 Nxa3 30. Rxa3 axb4 31. Rxb4 Rxc5 32. g3 Nc6 33. Rb1 b4 34. Rd3 Rd8 35. Rbd1 Rb8 36. Nxd5 Kf8 37. Rb3 Rcb5 38. Nc7 R5b7 39. Na6 Ra8 40. Nc5 Rb5 41. Nd3 Ra3 42. Rdb1 Rxb3 43. Rxb3 Ke7 44. Kf1 Kd6 45. e4 Kc7 46. f4 Kb6 47. Kf2 Ka5 48. Ke3 Rb8 49. e5 Ka4 50. Nc5+ Kb5 51. Ne4 Na5 52. Nd6+ Ka4 53. Rb1 b3 54. f5 b2 55. e6 fxe6 56. fxe6 Nc6 57. Nc4 Re8 58. Rxb2 Rxe6+ 59. Kd2 Nb4 60. Kc3 Nd5+ 61. Kd4 Nf6 62. Kc5 Nd7+ 63. Kd5 Rg6 64. Rb7 Rg5+ 65. Kd4 Nc5 66. Rb8 Rf5 67. g4 Ne6+ 68. Kc3 Rf3+ 69. Kd2 Rf2+ 70. Kc3 Rf3+ 71. Kd2 Rf2+ 72. Kc3 Rf3+ 73. Kd2 Rf2+ 1/2-1/2